La Ghigliottina #7 - Statistics

Statistiche generali
  • Questo quiz è stato fatto 104 volte
  • Il punteggio medio è 5 su 6
Statistiche sulle risposte
Scelta Risposta % Corretto
Angolo o Angelo? Angolo
100%
Fiorentino o Napoletano? Fiorentino
100%
Ossa o Rossa? Ossa
100%
5 o 6? 5
99%
Presente o Passato? Passato
99%
PAROLA Calcio
41%
Nessun quiz corrispondente trovato
Distribuzione punteggi
Percentuale di utenti per punteggio
Percentile per numero di risposta
I tuoi punteggi nel tempo
Non hai fatto questo quiz